Die besten Filme der 70er - Statistiken

Allgemein
  • Dieses Quiz wurde 94 mal gespielt
  • Das Durchschnittsergebnis liegt bei 7 aus 19
Antwortstatistiken
Platzierung Film Erscheinungsjahr % Korrekt
2. Der Pate 1972
92%
28. Krieg der Sterne 1977
82%
4. Der Pate 2 1974
72%
110. Taxi Driver 1976
60%
213. Rocky 1976
55%
51. Alien 1979
52%
206. Der weiße Hai 1975
46%
18. Einer flog über das Kuckucksnest 1975
35%
55. Apocalypse Now 1979
31%
101. Uhrwerk Orange 1971
23%
225. Der Exorzist 1973
22%
241. Das Leben des Brian 1979
17%
108. Der Clou 1973
17%
157. Chinatown 1974
14%
144. Die Ritter der Kokosnuss 1975
14%
187. Die durch die Hölle gehen 1978
11%
220. Network 1976
11%
194. Barry Lyndon 1975
9%
240. Uzala, der Kirgise 1975
5%
Keine übereinstimmenden Quizze gefunden
Verteilung der Resultate
Anzahl Personen mit jedem Resultat
Perzentil nach korrekt beantworteten Fragen
Ihre Resultats-Entwicklung
Sie haben dieses Quiz noch nicht gespielt